000
00272nam a2200097Ia 4500
001
695437
005
20250826161952.0
008
250824s9999 xx 000 0 und d
245
0
_a
HASTALIK HASTASI (ANTİK OKUL KLASİKLERİ)
_c
MOLİERE
260
_b
ANTİK DÜNYA KLASİKLERİ
999
_c
695437
_d
695437